| 000 | 00000nam##2200000za#4500 |
| 001 | 9.676672 |
| 003 | CaOODSP |
| 005 | 20210624230008 |
| 007 | cr ||||||||||| |
| 008 | 150407|2001||||xxc|||||o f|0| 0 fre|d |
| 040 | |aCaOODSP|bfre |
| 041 | |aeng |
| 041 | |afre |
| 043 | |an-cn--- |
| 086 | 1 |aSC62-5/2003-PDF |
| 110 | 1 |aCanada.|bCommission de la Fonction publique du Canada. |bAucun équivalent français. |
| 245 | 10|aRépertoire de cours et services, avril 2001 - mars 2003 |h[ressource électronique] |
| 260 | |aOttawa - Ontario : |bCommission de la Fonction publique. |c2001. |
| 300 | |a179p.|btableaux |
| 500 | |aLe n° de catalogue (SC62-5/2003) et l'ISBN (0-662-65751-9) de l'édition imprimée bilingue ont été incorrectement copiés dans l'édition électronique. |
| 590 | |a13-15-Supp|b2013-06-24 |
| 691 | 07|aFormation|2gcpds |
| 691 | 07|aÉducation|2gcpds |
| 691 | 07|aFonction publique|2gcpds |
| 691 | 07|aEnseignement|2gcpds |
| 776 | 0#|tDirectory of courses and services, April, 2001 - March 2003 |w(CaOODSP)9.662803 |
| 791 | |tDirectory of courses and services, April, 2001 - March 2003 |eeng|w(CaOODSP)9.676671 |
| 856 | 40|ahttp://publications.gc.ca|qPDF|s1022 Ko|uhttps://publications.gc.ca/collections/Collection/SC62-5-2003.pdf |